Top 50 Baby Girl Names Beginning with C - Statistics

General Stats
  • This quiz has been taken 317 times
  • The average score is 24 of 50
Answer Stats
Hint Answer % Correct
1 Charlotte
86%
3 Chloe
82%
14 Catherine
80%
4 Claire
75%
46 Clare
75%
5 Caroline
73%
35 Christina
73%
6 Cora
71%
13 Camille
68%
15 Charlee
68%
26 Charleigh
68%
30 Charley
68%
22 Charli
68%
8 Charlie
68%
16 Cali
66%
10 Callie
66%
2 Camila
65%
12 Camilla
65%
50 Cara
64%
7 Clara
62%
34 Carly
58%
24 Carolina
57%
31 Cecelia
56%
9 Cecilia
56%
27 Cameron
55%
20 Camryn
55%
38 Cassandra
55%
23 Carmen
52%
21 Cassidy
49%
48 Cynthia
49%
44 Celia
41%
49 Cleo
39%
47 Crystal
38%
37 Chelsea
37%
36 Coraline
36%
25 Celine
33%
40 Cadence
31%
17 Celeste
30%
11 Catalina
27%
32 Cheyenne
25%
42 Calliope
24%
33 Clementine
22%
29 Colette
22%
28 Carter
21%
43 Chanel
19%
19 Cataleya
14%
45 Chana
7%
18 Collins
7%
41 Capri
6%
39 Chaya
6%
No matching quizzes found
Score Distribution
Percent of People with Each Score
Percentile by Number Answered
Your Score History
You have not taken this quiz